Una aventura de Los Tres Mosqueteros /
Alejandro Dumas (Francia, 1802-1870) fue un autor incansable; individualmente o en equipo, escribió cerca de 1200 novelas. Una de ellas narra las aventuras de los famosos mosqueteros. En la primera de estas andanzas, un joven aspirante a mosquetero se ve envuelto en una intriga llena de peligros.
Guardado en:
| Autor Principal: | |
|---|---|
| Otros Autores: | |
| Formato: | Libro |
| Idioma: | Undetermined |
| Publicado: |
Barcelona :
Arte Gráfico,
2000.
|
| Series: | Grandes clásicos - Genios ;
7 |
| Materias: | |
| Etiquetas: |
Agregar Etiqueta
Sin Etiquetas, Sea el primero en etiquetar este registro!
|
| LEADER | 01035nam a22002175a 4500 | ||
|---|---|---|---|
| 001 | CEM.cems021051 | ||
| 008 | 240422s2000####sp############000#0#und#d | ||
| 005 | 20240422153117.0 | ||
| 245 | 1 | 0 | |a Una aventura de Los Tres Mosqueteros / |c Alejandro Dumas ; ilustrado por Ariel Olivetti. |
| 260 | |a Barcelona : |b Arte Gráfico, |c 2000. | ||
| 300 | |a 46 p. | ||
| 490 | 1 | |a Grandes clásicos - Genios ; |v 7 | |
| 520 | |a Alejandro Dumas (Francia, 1802-1870) fue un autor incansable; individualmente o en equipo, escribió cerca de 1200 novelas. Una de ellas narra las aventuras de los famosos mosqueteros. En la primera de estas andanzas, un joven aspirante a mosquetero se ve envuelto en una intriga llena de peligros. | ||
| 020 | |a 9507820586 | ||
| 100 | 1 | |a Dumas, Alejandro. | |
| 700 | 1 | |a Olivetti, Ariel; il. | |
| 653 | |a Novela juvenil | ||
| 653 | |a Literatura juvenil | ||
| 653 | |a Literatura francesa | ||
| 859 | |a CEMS |b BIB. CEMS - Inicial y Primaria |h 843 |i D891 |k IP |p 6542 |t Ej.1 | ||
| 859 | |a CEMS |b BIB. CEMS - Inicial y Primaria |h 843 |i D891 |k IP |p 2166 |t Ej.2 | ||
